书目信息 |
| 题名: |
读四书大全说
|
|
| 作者: | 王夫之 著 | |
| 分册: | 上册 | |
| 出版信息: | 北京 中华书局 1975 |
|
| 页数: | 356页 | |
| 开本: | 19cm | |
| 丛书名: | ||
| 单 册: | ||
| 中图分类: | B222.1 | |
| 科图分类: | ||
| 主题词: | 先秦哲学 | |
| 电子资源: | ||
| ISBN: | ||
| 000 | 00611nam0 2200229 45 | |
| 001 | 0175004300 | |
| 005 | 20060728145854.53 | |
| 010 | @dCNY2.30 | |
| 100 | @a19950630d1975 em y0chiy0121 ea | |
| 101 | 0 | @achi |
| 102 | @aCN@b110000 | |
| 105 | @ay z 000yy | |
| 200 | 10 | @a读四书大全说@h上册@Adu si shu da quan shuo@f(清)王夫之著 |
| 210 | @a北京@c中华书局@d1975 | |
| 215 | @a356页@d19cm | |
| 605 | @a四书@x研究 | |
| 606 | 0 | @a先秦哲学 |
| 690 | @aB222.1@v3 | |
| 701 | 0 | @a王夫之@Awang fu zhi@4著 |
| 801 | 0 | @aCN@b广东省中山图书馆@c20060728 |
| 801 | 2 | @aCN@bNLC@c20060720 |
| 905 | @dB222.1@e100:1@f1@b221370 | |
| 读四书大全说.上册/(清)王夫之著.-北京:中华书局,1975 |
| 356页;19cm |
| ISBN :CNY2.30 |
| ● |
| 相关链接 |
|
|
|
|
正题名:读四书大全说
索取号:B222.1/100:1
 
预约/预借
| 序号 | 登录号 | 条形码 | 馆藏地/架位号 | 状态 | 备注 |
| 1 | 0221370 | 001870032 | 密集书库/ [索取号:B222.1/100:1] | 在馆 | |
| 2 | 0221371 | 001879328 | 密集书库/ [索取号:B222.1/100:1] | 在馆 | |
| 3 | 0221372 | 001879364 | 第一借阅区/ [索取号:B222.1/100:1] | 在馆 | |
| 4 | 0434956 | 204349561 | 密集书库/ [索取号:B222.1/100:1] | 在馆 | |
| 5 | 0440451 | 204404518 | 密集书库/ [索取号:B222.1/100:1] | 在馆 |